ბათუმის შოთა რუსთაველის სახელმწიფო უნივერსიტეტის ბიბლიოთეკა

კითხვის ეფექტური მეთოდები : (ბიბ.ჩანაწერი № 43990)

000 -ლიდერი
ფიქსირებული სიგრძის საკონტროლო ველი 01704nam a2200277Ia 4500
001 - საკონტროლო ნომერი
საკონტროლო ველი 10740
003 - საკონტროლო ნომრის იდენტიფიკატორი
საკონტროლო ველი GE_BSU
005 - ბოლო ოპერაციის თარიღი და დრო
საკონტროლო ველი 20230324172802.0
008 - ფიქსირებული სიგრძის მონაცემთა ელემენტები - ზოგადი ინფორმაცია
ფიქსირებული სიგრძის საკონტროლო ველი 181216s||||||||ge |||||||||||||| ||geo||
040 ## - კატალოგიზაციის წყარო
Transcribing agency GE_BSU
041 ## - ენის კოდი
Language code of text/sound track or separate title geo
080 ## - უნივერსალური ათობითი კლასიფიკაციის ინდექსი
Universal Decimal Classification number 028.1 კ–49
245 ## - ცნობა სათაურის შესახებ
Title კითხვის ეფექტური მეთოდები :
Remainder of title (სასწავლო–მეთოდური ფილმი და გზამკვლევი.) /
Statement of responsibility, etc მასწავლებელთა პროფ. განვითარების ეროვნ. ცენტრი ; ფილმსა და გზამკვლევზე მუშაობდნენ: პაატა პაპავა, ნათია ნაცვლიშვილი, ნატო მახარობლიძე [და სხვ.].
264 ## - წარმოების, გამოცემის, დისტრიბუციის და სხვა ცნობები
გამოცემის, წარმოების, დისტრიბუციის... ადგილი [თბ., 2010]
300 ## - ფიზიკური აღწერა
Extent 58 გვ.;
Other physical details +1CD;
Dimensions 30 სმ.
520 ## - SUMMARY, ETC.
Summary, etc შემოსულია ტემპუსის პროექტით.
653 ## - INDEX TERM--UNCONTROLLED
Uncontrolled term კითხვის სწავლების მეთოდიკა
653 ## - INDEX TERM--UNCONTROLLED
Uncontrolled term კითხვის კულტურა
653 ## - INDEX TERM--UNCONTROLLED
Uncontrolled term შემოსულია ტემპუსის პროექტით
700 ## - ADDED ENTRY--PERSONAL NAME
Personal name პაპავა, პაატა
Relator term ავტორი
9 (RLIN) 2697
700 ## - ADDED ENTRY--PERSONAL NAME
Personal name ნაცვლიშვილი, ნათია
Relator term ავტორი
9 (RLIN) 890
700 ## - ADDED ENTRY--PERSONAL NAME
Personal name მახარობლიძე, ნატო
Relator term ავტორი
9 (RLIN) 17259
710 ## - ADDED ENTRY--CORPORATE NAME
Corporate name or jurisdiction name as entry element მასწავლებელთა პროფ. განვითარების ეროვნ. ცენტრი
9 (RLIN) 17260
942 ## - ADDED ENTRY ELEMENTS (KOHA)
Koha item type წიგნი
Source of classification or shelving scheme
ეგზემპლარები
ჩამოწერის სტატუსი დაკარგული ეგზემპლარის სტატუსი კლასიფიკაციის წყარო ან თაროზე გაწყობის სქემა დაზიანების სტატუსი არ გაიცემა მუდმივი მდებარეობა (დაცვის ადგილი) ამჟამინდელი ადგილსამყოფელი თაროზე განთავსების ადგილი შეძენის თარიღი ღირებულება, შესყიდვის ნორმალური ფასი სრული შენახვის შიფრი შტრიხკოდი ბოლო ოპერაციის თარიღი ეგზემპლარის მიმდევრობითი ნომერი (კეტერი?) ფასის ძალაში შესვლის თარიღი ეგზემპლარის სახეობა საჯარო შენიშვნა
          ბათუმის შოთა რუსთაველის სახელმწიფო უნივერსიტეტის მთავარი ბიბლიოთეკა ბათუმის შოთა რუსთაველის სახელმწიფო უნივერსიტეტის მთავარი ბიბლიოთეკა წიგნსაცავი 2018-12-17 12.00 028.1 კ–49 35148 2018-12-17 35148 2018-12-17 წიგნი 12 ლ.
          ბათუმის შოთა რუსთაველის სახელმწიფო უნივერსიტეტის მთავარი ბიბლიოთეკა ბათუმის შოთა რუსთაველის სახელმწიფო უნივერსიტეტის მთავარი ბიბლიოთეკა წიგნსაცავი 2018-12-17 12.00 028.1 კ–49 35149 2018-12-17 35149 2018-12-17 წიგნი 12 ლ.